Online
Catalog

La homeopatía como nueva respuesta a la salud pública en Baja California / (Record no. 25431)

MARC details
000 -CABECERA
campo de control de longitud fija 00766nam a2200217 a 4500
001 - NÚMERO DE CONTROL
campo de control 000025939
005 - FECHA Y HORA DE LA ÚLTIMA TRANSACCIÓN
campo de control 20250701104719.0
008 - DATOS DE LONGITUD FIJA--INFORMACIÓN GENERAL
campo de control de longitud fija 110217s2001 mx r 000 | spa d
020 ## - NÚMERO INTERNACIONAL ESTÁNDAR DEL LIBRO
Número Internacional Estándar del Libro 9687947020
040 ## - FUENTE DE LA CATALOGACIÓN
Centro catalogador/agencia de origen DO-SdBNP
Lengua de catalogación spa
Centro/agencia transcriptor BNPHU
082 ## - NÚMERO DE LA CLASIFICACIÓN DECIMAL DEWEY
Número de clasificación 615.532
Número de documento/Ítem G548h
049 ## - FONDOS LOCALES (OCLC)
Fondos de biblioteca BNGR
100 1# - ENTRADA PRINCIPAL--NOMBRE DE PERSONA
Nombre de persona Glascoe, Chistine Alysse Von ,
9 (RLIN) 52802
245 13 - MENCIÓN DE TÍTULO
Título La homeopatía como nueva respuesta a la salud pública en Baja California /
Mención de responsabilidad, etc. Chistine Alysse Von Glascoe; cuidado de la edición Juan de Dios barajas Cárdenas.
260 ## - PUBLICACIÓN, DISTRIBUCIÓN, ETC.
Lugar de publicación, distribución, etc. Tijuana :
Nombre del editor, distribuidor, etc. El Colegio de la Frontera Norte,
Fecha de publicación, distribución, etc. 2001.
300 ## - DESCRIPCIÓN FÍSICA
Extensión 340 p. ;
Dimensiones 21 cm.
504 ## - NOTA DE BIBLIOGRAFÍA, ETC.
Nota de bibliografía, etc. Bibliografía : p. 315-336
650 #4 - PUNTO DE ACCESO ADICIONAL DE MATERIA--TÉRMINO DE MATERIA
Término de materia o nombre geográfico como elemento de entrada Homeopatía
9 (RLIN) 49008
650 #0 - PUNTO DE ACCESO ADICIONAL DE MATERIA--TÉRMINO DE MATERIA
Término de materia o nombre geográfico como elemento de entrada Salud pública
9 (RLIN) 56565
650 #4 - PUNTO DE ACCESO ADICIONAL DE MATERIA--TÉRMINO DE MATERIA
Término de materia o nombre geográfico como elemento de entrada Asistencia pública
9 (RLIN) 16078
Holdings
Estado de retiro Estado de pérdida Restricciones de uso No para préstamo Código de colección Localización permanente Ubicación/localización actual Ubicación en estantería Fecha de adquisición Número de inventario Total de préstamos Signatura topográfica completa Código de barras Fecha visto por última vez Precio válido a partir de Tipo de ítem Koha
      Excluido de préstamo Monografías: Libros y Folletos General General En catalogación 24.02.2011 LF1   615.532 G548h 25939-10 25.06.2020 25.06.2020 No se presta

Powered by Koha